Los nueve libros de la historia.

Сохранить в:
Библиографические подробности
Главный автор: Heródoto (autor)
Формат:
Опубликовано: Buenos Aires, Argentina: El Ateneo, 1961.
Редактирование:Primera edición.
Серии:Colección Clásicos Inolvidables.
Предметы:
Метки: Добавить метку
Нет меток, Требуется 1-ая метка записи!

MARC

LEADER 00000nam a2200000 a 4500
003 CL-VaPUC
005 20220822114603.0
008 220708t1961 ||||| |||| 00| 0 eng d
999 |c 436877  |d 436875 
040 |c Pontificia Universidad Católica de Valparaíso 
082 0 4 |a 938 HER 1961  |2 21 
100 |a Heródoto  |e autor  |9 318244 
245 1 4 |a Los nueve libros de la historia. 
250 |a Primera edición. 
260 |a Buenos Aires, Argentina:  |b El Ateneo,   |c 1961. 
300 |a 725 páginas 
490 |a Colección Clásicos Inolvidables. 
500 |a c.1 Donación Familia Prof. Alejandro Guzmán Brito. 
583 |a last modification  |c 19930804 00:00:00  |k Cristina María Rojas Aguilar 
650 0 |a Historia  |9 255047  |z Grecia  
942 |c BK  |2 ddc  |n 0 
952 |0 0  |1 0  |2 ddc  |4 0  |6 938_000000000000000_HER_1961  |7 0  |8 C_AGB  |9 584607  |a BIBDER  |b BIBDER  |d 2022-07-08  |e Donación   |i 5652725  |o 938 HER 1961  |p 5652725  |r 2023-01-25  |t 1  |w 2022-07-08  |y BK_US  |k AGB